Logo BPK

Biblioteka

Politechniki Koszalińskiej

Apple pie : (Rekord nr 48489)

Szczegóły MARC
000 -ETYKIETA REKORDU
podpole kontrolne o stałej długości 00695nam a2200205 i 4500
001 - NUMER KONTROLNY REKORDU
pole kontrolne bgj
020 ## - MIĘDZYNARODOWY ZNORMALIZOWANY NUMER KSIĄŻKI - ISBN
ISBN 0333945158
040 ## - ŹRÓDŁO KATALOGOWANIA
Instytucja, która utworzyła rekord BPK
041 0# - KOD JĘZYKA
Kod języka tekstu eng
920 ## - Międzynarodowy znormalizowany numer książki – ISBN
ISBN 0-333-94515-8
008 - POLE O STAŁEJ DŁUGOŚCI - DANE KONTROLNE
podpole kontrolne o stałej długości s uk f |000 0 eng
100 1# - NAZWA OSOBOWA
Nazwa osobowa GARDEN, Francis Lemarchand
245 10 - TYTUŁ/ODPOWIEDZIALNOŚĆ
Tytuł Apple pie :
Ciąg dalszy tytułu student's book /
Pozostałe elementy strefy tytułu i oznaczenia odpowiedzialności Frances Lemarchand Garden, Kathleen Julie Fein ; Polish edition by Beverly Littlewood.
260 ## - STREFA ADRESU WYDAWNICZEGO
Miejsce wydania Warszawa :
Nazwa wydawcy/dystrybutora Macmillan Polska,
Data publikacji, dystrybucji/powstania dokumentu 2000.
300 ## - STREFA OPISU FIZYCZNEGO
Objętość 96 pp :
Inne cechy fizyczne ill. ;
Rozmiary 28 cm.
650 #9 - HASŁO PRZEDMIOTOWE W FORMIE NAZWY OGÓLNEJ LUB JEDNOSTKOWEJ
Nazwa ogólna lub geograficzna English language
Określnik ogólny Textbooks for foreigners
-- Textbooks for |primary schools
700 1# - HASŁO DODATKOWE - NAZWA OSOBOWA
Nazwa osobowa FEIN, Kathleen Julie.
Określenie związku między hasłem a opisywanym materiałem co-author
700 1# - HASŁO DODATKOWE - NAZWA OSOBOWA
Nazwa osobowa LITTLEWOOD, Beverly.
Określenie związku między hasłem a opisywanym materiałem editor
942 ## - DODATKOWE ELEMENTY (KOHA)
Typ dokumentu Książka
Egzemplarze
Wycofany Status egzemplarza Uszkodzony Dostępność Lokalizacja stała Lokalizacja bieżąca Miejsce przechowywania Sygnatura Kod kreskowy Typ dokumentu
      Dostępny Biblioteka Politechniki Koszalińskiej Biblioteka Politechniki Koszalińskiej Wypożyczalnia Językowa KA 5750 09055018 Książka
© 2023 Biblioteka Politechniki Koszalińskiej :: KOHA